Select a month that... - Statistics

General Stats
  • This quiz has been taken 8 times
  • The average score is 61 of 120
Answer Stats
Question Tile Select % Correct
months with a solstice or an equinox April No
100%
months with a solstice or an equinox August No
100%
months with a solstice or an equinox July No
100%
months with a solstice or an equinox May No
100%
months with a solstice or an equinox November No
100%
months with a solstice or an equinox October No
100%
months with a solstice or an equinox February No
88%
months with a solstice or an equinox January No
88%
months named after a Roman Emperor... April No
75%
months named after a Roman Emperor... August Yes
75%
months named after a Roman Emperor... December No
75%
months named after a Roman Emperor... February No
75%
months with a solstice or an equinox June Yes
75%
months named after a Roman Emperor... June No
75%
months that have a unique letter in their name... June No
75%
months named after a Roman Emperor... March No
75%
months named after a Roman Emperor... May No
75%
months named after a Roman Emperor... November No
75%
months named after a Roman Emperor... October No
75%
months named after a Roman Emperor... September No
75%
months that have a unique letter in their name... September No
75%
months that have 31 days... April No
63%
months that have 31 days... August Yes
63%
months with a solstice or an equinox December Yes
63%
months in which a tennis Grand Slam is usually held... December No
63%
months that have 31 days... December Yes
63%
months that have a unique letter in their name... February Yes
63%
months that have 31 days... February No
63%
months that contain one of the UK's four national patron saint's days (eg St Patrick's day)... January No
63%
months named after a Roman Emperor... January No
63%
months that have a unique letter in their name... January No
63%
months that have 31 days... January Yes
63%
months that have a unique letter in their name... July No
63%
months that have 31 days... July Yes
63%
months that usually contain a national bank holiday in the UK... June No
63%
months that have 31 days... June No
63%
months that contain one of the UK's four national patron saint's days (eg St Patrick's day)... March Yes
63%
months in which a tennis Grand Slam is usually held... March No
63%
months in which a UK General Election has been held since the year 2000... March No
63%
months that have 31 days... March Yes
63%
months that contain one of the UK's four national patron saint's days (eg St Patrick's day)... May No
63%
months that have a unique letter in their name... May No
63%
months that have 31 days... May Yes
63%
months in which a UK General Election has been held since the year 2000... November No
63%
months that usually contain a national bank holiday in the UK... November No
63%
months that have 31 days... November No
63%
months that have a unique letter in their name... October No
63%
months that have 31 days... October Yes
63%
months that have 31 days... September No
63%
months in which a tennis Grand Slam is usually held... April No
50%
months in which a UK General Election has been held since the year 2000... April No
50%
months which begin with a different letter in Spanish... April No
50%
months in which a UK General Election has been held since the year 2000... August No
50%
months that contain one of the UK's four national patron saint's days (eg St Patrick's day)... December No
50%
months which begin with a different letter in Spanish... December No
50%
months that contain one of the UK's four national patron saint's days (eg St Patrick's day)... February No
50%
months in which a UK General Election has been held since the year 2000... February No
50%
months that usually contain a national bank holiday in the UK... February No
50%
months which begin with a different letter in Spanish... February No
50%
months in which a UK General Election has been held since the year 2000... January No
50%
months that contain one of the UK's four national patron saint's days (eg St Patrick's day)... July No
50%
months named after a Roman Emperor... July Yes
50%
months that usually contain a national bank holiday in the UK... July No
50%
months in which a tennis Grand Slam is usually held... June Yes
50%
months with a solstice or an equinox March Yes
50%
months which begin with a different letter in Spanish... May No
50%
months in which a tennis Grand Slam is usually held... November No
50%
months which begin with a different letter in Spanish... November No
50%
months that contain one of the UK's four national patron saint's days (eg St Patrick's day)... October No
50%
months in which a tennis Grand Slam is usually held... October No
50%
months in which a UK General Election has been held since the year 2000... October No
50%
months that usually contain a national bank holiday in the UK... October No
50%
months which begin with a different letter in Spanish... October No
50%
months with a solstice or an equinox September Yes
50%
months in which a UK General Election has been held since the year 2000... September No
50%
months that usually contain a national bank holiday in the UK... September No
50%
months which begin with a different letter in Spanish... September No
50%
months in which you can be born under a water sign of the zodiac... September No
50%
months that have a unique letter in their name... April Yes
38%
months in which you can be born under a water sign of the zodiac... April No
38%
months that contain one of the UK's four national patron saint's days (eg St Patrick's day)... August No
38%
months that have a unique letter in their name... August Yes
38%
months which begin with a different letter in Spanish... August No
38%
months in which you can be born under a water sign of the zodiac... August No
38%
months that have a unique letter in their name... December Yes
38%
months that usually contain a national bank holiday in the UK... December Yes
38%
months in which a tennis Grand Slam is usually held... January Yes
38%
months in which a tennis Grand Slam is usually held... July Yes
38%
months that contain one of the UK's four national patron saint's days (eg St Patrick's day)... June No
38%
months which begin with a different letter in Spanish... June No
38%
months that have a unique letter in their name... March Yes
38%
months which begin with a different letter in Spanish... March No
38%
months in which a UK General Election has been held since the year 2000... May Yes
38%
months in which you can be born under a water sign of the zodiac... May No
38%
months that have a unique letter in their name... November Yes
38%
months that contain one of the UK's four national patron saint's days (eg St Patrick's day)... September No
38%
months in which a tennis Grand Slam is usually held... September Yes
38%
months that contain one of the UK's four national patron saint's days (eg St Patrick's day)... April Yes
25%
months that usually contain a national bank holiday in the UK... April Yes
25%
months in which a tennis Grand Slam is usually held... August Yes
25%
months in which you can be born under a water sign of the zodiac... December No
25%
months in which you can be born under a water sign of the zodiac... February Yes
25%
months that usually contain a national bank holiday in the UK... January Yes
25%
months in which you can be born under a water sign of the zodiac... January No
25%
months which begin with a different letter in Spanish... July No
25%
months in which you can be born under a water sign of the zodiac... March Yes
25%
months in which a tennis Grand Slam is usually held... May Yes
25%
months that usually contain a national bank holiday in the UK... May Yes
25%
months that contain one of the UK's four national patron saint's days (eg St Patrick's day)... November Yes
25%
months in which you can be born under a water sign of the zodiac... November Yes
25%
months in which you can be born under a water sign of the zodiac... October Yes
25%
months that usually contain a national bank holiday in the UK... August Yes
13%
months in which a UK General Election has been held since the year 2000... December Yes
13%
months in which a UK General Election has been held since the year 2000... June Yes
13%
months that usually contain a national bank holiday in the UK... March Yes
13%
months in which a tennis Grand Slam is usually held... February Yes
0%
months which begin with a different letter in Spanish... January Yes
0%
months in which a UK General Election has been held since the year 2000... July Yes
0%
months in which you can be born under a water sign of the zodiac... July Yes
0%
months in which you can be born under a water sign of the zodiac... June Yes
0%
No matching quizzes found
Score Distribution
Percent of People with Each Score
Percentile by Number Answered
Your Score History
You have not taken this quiz